书目信息 |
| 题名: |
聚合物材料火灾危险性分析与评估
|
|
| 作者: | 胡源 , 尤飞 , 宋磊 编著 | |
| 分册: | ||
| 出版信息: | 北京 化学工业出版社 2007 |
|
| 页数: | 240页 | |
| 开本: | 26cm | |
| 丛书名: | ||
| 单 册: | ||
| 中图分类: | X928.7 , TQ86.5 | |
| 科图分类: | ||
| 主题词: | 高分子材料--危险材料--火灾--研究 | |
| 电子资源: | ||
| ISBN: | 978-7-122-00627-1 | |
| 000 | 01160nam0 2200265 45 | |
| 001 | 1029976882 | |
| 005 | 20100429095658.18 | |
| 010 | @a978-7-122-00627-1@dCNY38.00 | |
| 100 | @a20100420d2007 ekmy0chiy0120 ea | |
| 101 | 0 | @achi |
| 102 | @aCN@b110000 | |
| 105 | @ay z 000yy | |
| 106 | @ar | |
| 200 | 1 | @a聚合物材料火灾危险性分析与评估@AJu He Wu Cai Liao Huo Zai Wei Xian Xing Fen Xi Yu Ping Gu@f胡源,尤飞,宋磊等编著@FHu Yuan, You Fei, Song Lei Deng Bian Zhu |
| 210 | @a北京@c化学工业出版社@d2007 | |
| 215 | @a240页@d26cm | |
| 330 | @a本书从聚合物材料在火灾中的作用、聚合物材料热解和燃烧的基本机理、火灾危险性的基本概念与评估体系,热解和燃烧与火灾危险性的内在联系等多个角度全面论述聚合物材料的火灾危险性问题,并列举几个典型火灾危险性评估实例,以期增加人们对火灾危害表现形式和事故趋势的了解,增强从材料角度防控火灾的意识、倡导基于可燃材料的潜在火灾危险性开发新型安全材料。 | |
| 606 | 0 | @a高分子材料@x危险材料@x火灾@x研究 |
| 690 | @aX928.7@v4 | |
| 690 | @aTQ86.5@v4 | |
| 701 | 0 | @a胡源@AHu Yuan@4编著 |
| 701 | 0 | @a尤飞@AYou Fei@4编著 |
| 701 | 0 | @a宋磊@ASong Lei@4编著 |
| 801 | 0 | @aCN@bTANGWEI@c20100429 |
| 905 | @b0595181-85@dX928.7@e106@f5 | |
| 聚合物材料火灾危险性分析与评估/胡源,尤飞,宋磊等编著.-北京:化学工业出版社,2007 |
| 240页;26cm |
| ISBN 978-7-122-00627-1:CNY38.00 |
| 本书从聚合物材料在火灾中的作用、聚合物材料热解和燃烧的基本机理、火灾危险性的基本概念与评估体系,热解和燃烧与火灾危险性的内在联系等多个角度全面论述聚合物材料的火灾危险性问题,并列举几个典型火灾危险性评估实例,以期增加人们对火灾危害表现形式和事故趋势的了解,增强从材料角度防控火灾的意识、倡导基于可燃材料的潜在火灾危险性开发新型安全材料。 |
| ● |
| 相关链接 |
|
|
|
|
正题名:聚合物材料火灾危险性分析与评估
索取号:X928.7/106
 
预约/预借
| 序号 | 登录号 | 条形码 | 馆藏地/架位号 | 状态 | 备注 |
| 1 | 0595181 | 205951816 | 第二样本阅览室/ [索取号:X928.7/106] | 在馆 | |
| 2 | 0595182 | 205951825 | 第三借阅区/ [索取号:X928.7/106] | 在馆 | |
| 3 | 0595183 | 205951834 | 第三借阅区/ [索取号:X928.7/106] | 在馆 | |
| 4 | 0595184 | 205951843 | 第三借阅区/ [索取号:X928.7/106] | 在馆 | |
| 5 | 0595185 | 205951852 | 第三借阅区/ [索取号:X928.7/106] | 在馆 |